Normal view MARC view
  • Numeración

Entry Materia

Number of records used in: 42

001 - NÚMERO DE CONTROL DEL REGISTRO

  • campo de control: 26

003 - IDENTIFICADOR DE NUMERO DE CONTROL

  • campo de control: UPN

005 - FECHA Y HORA DE LA ÚLTIMA TRANSACCIÓN

  • campo de control: 20230825142547.0

008 - DATOS DE LONGITUD FIJA

  • campo de control de longitud fija: nabaccnnaabn|||||||||| b |nc|||||d

035 ## - NÚMERO DE CONTROL DEL SISTEMA

  • Número de control del sistema: UPN10000000026

040 ## - FUENTE DE LA CATALOGACIÓN

  • Lengua de catalogación: SPA
  • Agencia de transcripción: UPN
  • Centro catalogador de origen: MX-MxUPN

150 ## - ENCABEZAMIENTO - TEMÁTICO

  • Término de materia o nombre geográfico como elemento inicial: Numeración

670 ## - FUENTE EN LA QUE SE LOCALIZARON DATOS

  • Cita de la fuente: E

680 ## - NOTA GENERAL CON DESPLIEGUE PÚBLICO

  • Texto explicativo: Aquí se asientan las obras sobre la teoría de la numeración y los sistemas de numeración tratados colectivamente. Las obras relacionadas con la psicología de la numeración se asientan bajo
  • Encabezamiento: NUMERO (CONCEPTO MATEMATICO)

902 ## - CATALOGADOR

  • Catalogador: PN/050697